00341nam a2200133Ia 4500008004100000041000800041082001500049100004000064245003100104250000600135260003800141300000800179650002000187210716s1987 xx 000 0 und d aeng a005.3 TITC aTitus, Christopher;Larsen, David G. a8080/8085 software design. a1 aNew DelhibBPB Publicationsc1987 a348 aPrograms(005.3)